Southville International School and Colleges
Your cart is empty.
  • Cart
  • Lists
    Public lists list_1 View all
    Your lists Log in to create your own lists
  • Log in to your account
  • Your cookies
  • Search history
Southville International School and Colleges
  • Advanced search
  • Recent comments
  • Most popular
  • Libraries

Log in to your account

Log in with GOOGLE


If you do not have an external account, but do have a local account, you can still log in:

  1. Home
  2. MARC view: Food from plants /
Normal view MARC view ISBD view

Food from plants / (Record no. 103104)

[ view plain ]
MARC details
000 -LEADER
fixed length control field 00541nam a2200181 a 4500
005 - DATE AND TIME OF LATEST TRANSACTION
control field 20140412111250.0
008 - FIXED-LENGTH DATA ELEMENTS--GENERAL INFORMATION
fixed length control field 000901s19uu xx 00 eng d
020 ## - INTERNATIONAL STANDARD BOOK NUMBER
International Standard Book Number 0-8136-7326-7
050 ## - LIBRARY OF CONGRESS CALL NUMBER
Classification number BB 581.63
Item number W34 1993
100 ## - MAIN ENTRY--PERSONAL NAME
Personal name Walker, Colin
245 ## - TITLE STATEMENT
Title Food from plants /
Statement of responsibility, etc written by Colin Walker ; illustrated by Miranda Whitford.
250 ## - EDITION STATEMENT
Edition statement 2nd Edition
260 ## - PUBLICATION, DISTRIBUTION, ETC. (IMPRINT)
Place of publication, distribution, etc Celveland, Ohio :
Name of publisher, distributor, etc Modern Curriculum Press,
Date of publication, distribution, etc 1993.
300 ## - PHYSICAL DESCRIPTION
Extent 17 p. ; ill.
440 ## - SERIES STATEMENT/ADDED ENTRY--TITLE
Title Concept Science
650 ## - SUBJECT ADDED ENTRY--TOPICAL TERM
Topical term or geographic name as entry element Sciences
General subdivision Plants
Holdings
Withdrawn status Lost status Damaged status Home library Current library Shelving location Date acquired Source of acquisition Total Checkouts Full call number Barcode Date last seen Price effective from Koha item type
      Elizalde Library Elizalde Library Big Books Section 09/01/2000     BB 581.63 W34 1993 E3874 04/12/2014 04/12/2014 Books

Food from plants /

APA

Walker C., . (1993). Food from plants. Celveland, Ohio: Modern Curriculum Press.

Chicago

Walker Colin, . 1993. Food from plants. Celveland, Ohio: Modern Curriculum Press.

Harvard

Walker C., . (1993). Food from plants. Celveland, Ohio: Modern Curriculum Press.

MLA

Walker Colin, . Food from plants. Celveland, Ohio: Modern Curriculum Press. 1993.

  • Place hold
  • Print
  • Cite
  • Add to your cart (remove)
  • Save record
    BIBTEX Dublin Core MARCXML MARC (non-Unicode/MARC-8) MARC (Unicode/UTF-8) MARC (Unicode/UTF-8, Standard) MODS (XML) RIS
  • More searches
    Search for this title in:
    Other Libraries (WorldCat) Other Databases (Google Scholar) Online Stores (Bookfinder.com) Open Library (openlibrary.org)

Exporting to Dublin Core...

SOUTHVILLE LIBRARY

Southville International School and Colleges Library

1281 Tropical Ave. Cor. Luxembourg St., BF Homes International, Las Pinas City

Tel. No. 8256374 / 252358 Loc. 117/146

Powered by Koha